[Event "European Youth Chess Championship B18"]
[Site "Prague, Top Hotel Prague"]
[Date "2012.08.24"]
[Round "8.38"]
[White "Aperia, Jakob"]
[Black "Petras, Marian"]
[Result "1/2-1/2"]
[WhiteElo "2098"]
[BlackElo "1958"]
[PlyCount "81"]
[EventDate "2012.08.17"]

1. c4 e5 2. g3 Nf6 3. Bg2 d5 4. cxd5 Nxd5 5. Nf3 Nc6 6. O-O Be7 7. d4 e4 8. Ne5
Nxe5 9. dxe5 f5 10. exf6 Nxf6 11. Qb3 c6 12. Nc3 Qd4 13. Bf4 a5 14. Rfd1 Qb4
15. Bxe4 Nxe4 16. Qxb4 axb4 17. Nxe4 Be6 18. b3 O-O 19. Bd6 Bxd6 20. Nxd6 Rfd8
21. Nxb7 Rxd1+ 22. Rxd1 Rxa2 23. Nc5 Rxe2 24. Kf1 Re5 25. Nxe6 Rxe6 26. Rc1 Kf7
27. Rc4 Kf6 28. Rxb4 h5 29. h4 Kf5 30. Rb7 Kf6 31. b4 g6 32. b5 cxb5 33. Rxb5
Re4 34. Kg2 Ra4 35. Rb3 Rc4 36. Kf3 Ra4 37. Re3 Kf5 38. Rc3 Rb4 39. Rc5+ Kf6
40. Rg5 Rb3+ 41. Kg2 1/2-1/2

[Event "European Youth Chess Championship B18"]
[Site "Prague, Top Hotel Prague"]
[Date "2012.08.24"]
[Round "8.39"]
[White "Real, Thibault"]
[Black "Olson, Hamish"]
[Result "1-0"]
[WhiteElo "2010"]
[BlackElo "2055"]
[PlyCount "63"]
[EventDate "2012.08.17"]

1. e4 c5 2. Nf3 Nc6 3. d4 cxd4 4. Nxd4 Nf6 5. Nc3 e5 6. Ndb5 d6 7. Bg5 a6 8.
Na3 b5 9. Bxf6 gxf6 10. Nd5 f5 11. Bxb5 axb5 12. Nxb5 Ra4 13. b4 Rxb4 14. Nbc7+
Kd7 15. O-O Rg8 16. Nxb4 Nxb4 17. c3 Nc6 18. Nd5 fxe4 19. Qa4 Rg6 20. Rfb1 Qa5
21. Qxe4 Kd8 22. Nb6 Bb7 23. c4 Qa6 24. Nd5 Nd4 25. Qh4+ Kc8 26. Qxh7 Ne2+ 27.
Kh1 Bxd5 28. cxd5 Qa7 29. Qh8 Qe7 30. Qh3+ Kc7 31. Rc1+ Nxc1 32. Rxc1+ 1-0

[Event "European Youth Chess Championship B18"]
[Site "Prague, Top Hotel Prague"]
[Date "2012.08.24"]
[Round "8.40"]
[White "Poska, Karolis"]
[Black "Alfimov, Igor"]
[Result "1/2-1/2"]
[WhiteElo "1884"]
[BlackElo "1969"]
[PlyCount "97"]
[EventDate "2012.08.17"]

1. e4 e5 2. Nf3 Nc6 3. d4 exd4 4. Nxd4 Bc5 5. Be3 Qf6 6. c3 Nge7 7. g3 O-O 8.
Bg2 Ne5 9. O-O d6 10. h3 Nc4 11. Bc1 Bd7 12. b3 Ne5 13. Be3 Rad8 14. Nd2 Qg6
15. g4 h6 16. f4 N5c6 17. f5 Qf6 18. N2f3 Ne5 19. Qd2 Nxf3+ 20. Rxf3 Nc6 21.
Qf2 Ne5 22. Rg3 g5 23. Bf3 Kg7 24. h4 Qe7 25. hxg5 hxg5 26. f6+ Qxf6 27. Nf5+
Bxf5 28. gxf5 Bxe3 29. Qxe3 Nxf3+ 30. Qxf3 Rg8 31. Qe3 Kf8 32. Qxa7 Qe5 33. Qe3
f6 34. Kg2 Re8 35. Re1 Kf7 36. Rh3 Rh8 37. Qg3 Qxg3+ 38. Rxg3 Rh4 39. Rge3 Reh8
40. R1e2 Rh2+ 41. Kg1 Rh1+ 42. Kg2 Ke7 43. Rg3 R8h2+ 44. Kf3 Rxe2 45. Kxe2 Rh2+
46. Kf3 Rxa2 47. Rh3 d5 48. Rh7+ Kd6 49. Rf7 1/2-1/2